[Event "28.Alpenpokal"]
[Site "?"]
[Date "2002.??.??"]
[Round "4"]
[White "Fehres, Werner"]
[Black "Buesdorf, Konrad"]
[Result "1/2-1/2"]
[WhiteElo "2104"]
[BlackElo "1796"]
[Annotator "ChessOrg"]
[PlyCount "38"]

1. e4 e5 2. Nf3 Nc6 3. c3 Nf6 4. d3 Be7 5. Be2 d6 6. h3 O-O 7. Nbd2 Bd7 8. Qc2
Qc8 9. Nc4 b5 10. Ne3 b4 11. d4 Rb8 12. Bd2 a5 13. d5 Nd8 14. c4 c5 15. g4 g6
16. Nh2 Ne8 17. Ng2 f5 18. Bh6 Ng7 19. f3 f4 1/2-1/2

[Event "28.Alpenpokal"]
[Site "?"]
[Date "2002.??.??"]
[Round "4"]
[White "Spurga, Josef"]
[Black "Schuler, Georg"]
[Result "0-1"]
[WhiteElo "1899"]
[BlackElo "2148"]
[Annotator "ChessOrg"]
[PlyCount "94"]

1. e4 c5 2. Nc3 Nc6 3. g3 g6 4. Bg2 Bg7 5. d3 d6 6. Nh3 Nf6 7. O-O O-O 8. Bg5
Rb8 9. Qd2 Nd4 10. f3 b5 11. a3 a5 12. Ne2 Ne6 13. Be3 Bd7 14. c3 b4 15. d4 Qc8
16. Nf2 Qc7 17. d5 Nd8 18. axb4 axb4 19. c4 Nb7 20. Ra2 Na5 21. Qd3 Ra8 22. b3
Ra7 23. Bc1 Rfa8 24. Bb2 Nb7 25. Rxa7 Rxa7 26. Nc1 Bc8 27. Qd2 Nh5 28. Bxg7
Nxg7 29. g4 Ra3 30. Qb2 Na5 31. Re1 e5 32. Nd1 Qe7 33. Ne3 Nb7 34. h3 Qh4 35.
Rf1 Qg5 36. Nd1 h5 37. Re1 Bd7 38. Nf2 hxg4 39. hxg4 Qh4 40. Re2 Na5 41. Nd1 f6
42. Ne3 Nb7 43. Kf1 Kf7 44. Rf2 Ke7 45. Ke2 Qg5 46. Rf1 Na5 47. Rh1 Qxe3+ 0-1

[Event "28.Alpenpokal"]
[Site "?"]
[Date "2002.??.??"]
[Round "4"]
[White "Schneider, Miloca"]
[Black "Emde, Rainer"]
[Result "0-1"]
[WhiteElo "2078"]
[BlackElo "1800"]
[Annotator "ChessOrg"]
[PlyCount "40"]

1. d4 d5 2. c4 e6 3. Nf3 c5 4. e3 Nf6 5. Nc3 Nc6 6. Be2 a6 7. O-O dxc4 8. Bxc4
b5 9. Be2 Bb7 10. b3 cxd4 11. exd4 Bd6 12. Qd3 Nb4 13. Qd2 Nbd5 14. Nxd5 Bxd5
15. Ne5 O-O 16. Bb2 Bxg2 17. Nxf7 Rxf7 18. Kxg2 Nd5 19. Rh1 Qh4 20. f3 Raf8 0-1

[Event "28.Alpenpokal"]
[Site "?"]
[Date "2002.??.??"]
[Round "4"]
[White "Josting, Friedel"]
[Black "Zoefel, Peter"]
[Result "1/2-1/2"]
[WhiteElo "1862"]
[BlackElo "2070"]
[Annotator "ChessOrg"]
[PlyCount "45"]

1. Nf3 d5 2. d4 Nf6 3. Bf4 e6 4. e3 Bd6 5. Ne5 O-O 6. Nd2 Ne4 7. Be2 Nxd2 8.
Qxd2 f6 9. Nd3 Bxf4 10. Nxf4 c6 11. Nd3 Nd7 12. f4 Qe7 13. O-O e5 14. fxe5 fxe5
15. Rxf8+ Kxf8 16. Bg4 e4 17. Rf1+ Nf6 18. Ne5 Kg8 19. Bxc8 Rxc8 20. Qe2 Rf8
21. c3 a6 22. g4 Nd7 23. Rxf8+ 1/2-1/2

[Event "28.Alpenpokal"]
[Site "?"]
[Date "2002.??.??"]
[Round "4"]
[White "Froehlich, Rainer"]
[Black "Moerger, Karl-Heinz"]
[Result "1/2-1/2"]
[WhiteElo "1933"]
[BlackElo "1782"]
[Annotator "ChessOrg"]
[PlyCount "56"]

1. c4 e6 2. Nc3 d5 3. Nf3 Nf6 4. e3 a6 5. b3 dxc4 6. bxc4 c5 7. Be2 Bd6 8. O-O
O-O 9. d4 Qc7 10. Qb3 Nc6 11. Rb1 e5 12. d5 e4 13. Nxe4 Nxe4 14. dxc6 Qxc6 15.
Bd3 f5 16. Bb2 Rb8 17. Ba1 Qc7 18. Qc2 Qe7 19. Rfd1 Bd7 20. Bxe4 fxe4 21. Ne1
Bc6 22. Rd2 Qc7 23. g3 Rbd8 24. Rbd1 Be7 25. Ng2 Rxd2 26. Rxd2 Rd8 27. Nf4 Rxd2
28. Qxd2 Qd7 1/2-1/2

[Event "28.Alpenpokal"]
[Site "?"]
[Date "2002.??.??"]
[Round "4"]
[White "Jaeger, Erich"]
[Black "Marek, Herbert"]
[Result "1-0"]
[WhiteElo "1906"]
[BlackElo "1727"]
[Annotator "ChessOrg"]
[PlyCount "57"]

1. d4 d5 2. c4 c6 3. Nc3 Nf6 4. Bg5 dxc4 5. e4 b5 6. e5 Nd5 7. a4 b4 8. Ne4 h6
9. Bd2 Bf5 10. Ng3 Bd3 11. Bxd3 cxd3 12. e6 fxe6 13. Qh5+ Kd7 14. Nf3 Kc8 15.
Ne5 Nf6 16. Qh3 Qd5 17. Ng6 Rg8 18. O-O h5 19. Bxb4 Nbd7 20. Rac1 Kb7 21. Rfd1
Qb3 22. Bc3 Qd5 23. Nf1 Qg5 24. Qxd3 Rd8 25. Qc2 Nb6 26. Bd2 Qd5 27. Ne3 Qd7
28. Ne5 Qd6 29. Nf7 1-0

[Event "28.Alpenpokal"]
[Site "?"]
[Date "2002.??.??"]
[Round "4"]
[White "Gerhards, Walter"]
[Black "Boehm, Karl"]
[Result "1-0"]
[WhiteElo "2086"]
[BlackElo "1681"]
[Annotator "ChessOrg"]
[PlyCount "120"]

1. e4 c5 2. Nf3 d6 3. d4 cxd4 4. Nxd4 Nf6 5. Nc3 g6 6. Be2 Bg7 7. Be3 O-O 8.
Qd2 Ng4 9. Bxg4 Bxg4 10. f3 Bd7 11. O-O-O Nc6 12. h4 h5 13. Nce2 Qa5 14. Qxa5
Nxa5 15. Kb1 Nc4 16. Bg5 f6 17. Bc1 Rfc8 18. Nc3 Kf7 19. Nde2 a6 20. b3 Ne5 21.
Nd5 Rab8 22. Bb2 b5 23. Nef4 Bh6 24. Nd3 Nxd3 25. Rxd3 Bc6 26. g4 Bxd5 27. Rxd5
hxg4 28. fxg4 Rc5 29. h5 Rxd5 30. exd5 Rc8 31. Bd4 Kg7 32. Re1 Rc7 33. Re4 Bg5
34. hxg6 Kxg6 35. c3 Kf7 36. Kc2 Rc8 37. Kb2 Ra8 38. b4 a5 39. bxa5 Rxa5 40.
Bf2 Ke8 41. Rb4 Kd7 42. Bb6 Ra4 43. Rxa4 bxa4 44. Ka3 e5 45. dxe6+ Kxe6 46. Bd4
f5 47. gxf5+ Kxf5 48. Kxa4 Ke6 49. Kb5 Kd7 50. Kb6 Kc8 51. Kc6 Bf4 52. Ba7 Bd2
53. c4 Bb4 54. a4 Ba3 55. Bf2 Kb8 56. Bg3 Ka7 57. Bxd6 Bc1 58. Kb5 Bg5 59. c5
Kb7 60. c6+ Kc8 1-0

[Event "28.Alpenpokal"]
[Site "?"]
[Date "2002.??.??"]
[Round "4"]
[White "Sakowski, Christian"]
[Black "Johannsen, Ingbert"]
[Result "1-0"]
[WhiteElo "1718"]
[BlackElo "2037"]
[Annotator "ChessOrg"]
[PlyCount "125"]

1. d4 e6 2. c4 Nf6 3. Nc3 d5 4. Nf3 Nbd7 5. Bg5 Be7 6. e3 O-O 7. Bd3 Re8 8. O-O
Nf8 9. Ne5 dxc4 10. Bxc4 Nd5 11. Bxe7 Rxe7 12. Rc1 f6 13. Nd3 c6 14. Bb3 Bd7
15. Nc5 Be8 16. Qg4 Bf7 17. Qg3 Kh8 18. f4 b6 19. Nd3 Rc8 20. Ne2 Bg6 21. Nf2
Rd7 22. e4 Ne7 23. Qh3 f5 24. e5 Nd5 25. Nd3 Be8 26. Rc2 g5 27. fxg5 Qxg5 28.
Bxd5 Rxd5 29. Ndf4 Rd7 30. Rf3 Qd8 31. Qh6 Bg6 32. Rg3 Qe8 33. h4 c5 34. h5
cxd4 35. Rxc8 Qxc8 36. hxg6 Rg7 37. Nh5 Qc7 38. Nxg7 d3 39. Nc3 Qxe5 40. Qe3
Qxg7 41. gxh7 Qf6 42. Qg5 Qxg5 43. Rxg5 Kxh7 44. Kf2 Ng6 45. Ke3 Ne5 46. Kd4
Nf7 47. Rg3 d2 48. Kd3 f4 49. Rh3+ Kg6 50. Kxd2 Ne5 51. b3 a6 52. Na4 Kg5 53.
Nxb6 Kg4 54. Nc4 Nc6 55. Rh8 Kg3 56. Rg8+ Kh2 57. a3 Nd4 58. Kc3 Ne2+ 59. Kb4
Ng3 60. Ne5 Kxg2 61. Rg6 f3 62. Nxf3 Kxf3 63. Rxe6 1-0

[Event "28.Alpenpokal"]
[Site "?"]
[Date "2002.??.??"]
[Round "4"]
[White "Johne, Siegfried"]
[Black "Otto, Matthias"]
[Result "1-0"]
[WhiteElo "1832"]
[BlackElo "1660"]
[Annotator "ChessOrg"]
[PlyCount "103"]

1. e4 c5 2. Nf3 e6 3. d4 cxd4 4. Nxd4 Nf6 5. Nc3 d6 6. Bc4 Be7 7. O-O O-O 8.
Bb3 Nc6 9. Kh1 a6 10. f4 Qc7 11. a4 b6 12. Be3 Nxd4 13. Bxd4 Bb7 14. Qe2 Qc6
15. Rae1 Nd7 16. f5 e5 17. Bd5 Qc7 18. Bxb7 Qxb7 19. Nd5 Bg5 20. Be3 Bxe3 21.
Qxe3 Kh8 22. f6 Nxf6 23. Nxf6 gxf6 24. Rxf6 Qe7 25. Qh6 Rg8 26. Rxd6 Rg6 27.
Rxg6 fxg6 28. Qe3 Qb4 29. b3 Rd8 30. Kg1 Kg7 31. Kf2 Rd6 32. g4 Qd2+ 33. Qxd2
Rxd2+ 34. Re2 Rd4 35. g5 h6 36. h4 Rd1 37. Kg2 Rd4 38. Kf3 Rd1 39. Rh2 Rf1+ 40.
Rf2 Rh1 41. Rd2 hxg5 42. hxg5 Rh3+ 43. Ke2 Rh4 44. Rd7+ Kf8 45. Kd3 b5 46. axb5
axb5 47. Rd5 Rh3+ 48. Kd2 b4 49. Rxe5 Rh2+ 50. Kd3 Rh3+ 51. Kc4 Rc3+ 52. Kxb4
1-0

[Event "28.Alpenpokal"]
[Site "?"]
[Date "2002.??.??"]
[Round "4"]
[White "Schulz, Hermann"]
[Black "Drewitz, Friedel"]
[Result "1/2-1/2"]
[WhiteElo "1667"]
[BlackElo "1825"]
[Annotator "ChessOrg"]
[PlyCount "100"]

1. e4 e5 2. Nf3 Nc6 3. Bb5 Nf6 4. O-O d6 5. Re1 Bd7 6. c3 Be7 7. d4 exd4 8.
cxd4 O-O 9. Nc3 Bg4 10. Be3 a6 11. Be2 Re8 12. Nd2 Bxe2 13. Nxe2 d5 14. e5 Ng4
15. Bf4 Bg5 16. Nf3 Bxf4 17. Nxf4 Qd7 18. h3 Nh6 19. Qd2 Nf5 20. Rac1 Rac8 21.
Rc5 Nce7 22. e6 fxe6 23. Rxe6 c6 24. Rc1 Ng6 25. Rxe8+ Qxe8 26. Re1 Qf7 27.
Nxg6 Qxg6 28. Qe2 Qf6 29. Qd3 Rf8 30. Qd2 Nd6 31. Qg5 Ne4 32. Qxf6 Rxf6 33. Re2
h6 34. Ne5 Kh7 35. f3 Ng3 36. Re3 Nf5 37. Rd3 Re6 38. Kf2 Nxd4 39. f4 Nf5 40.
g4 Nd6 41. Nd7 Kg8 42. Kf3 Re1 43. Nc5 a5 44. Re3 Rxe3+ 45. Kxe3 Nc4+ 46. Kd4
b6 47. Nd3 a4 48. b3 axb3 49. axb3 Na5 50. b4 Nb3+ 1/2-1/2

[Event "28.Alpenpokal"]
[Site "?"]
[Date "2002.??.??"]
[Round "4"]
[White "Meyer, Thomas"]
[Black "Moehring, Norbert"]
[Result "0-1"]
[WhiteElo "1649"]
[BlackElo "1818"]
[Annotator "ChessOrg"]
[PlyCount "42"]

1. d4 Nf6 2. c4 e5 3. dxe5 Ne4 4. Qc2 Bb4+ 5. Nc3 d5 6. exd6 Bxc3+ 7. bxc3 Bf5
8. Qb3 Qf6 9. Nf3 O-O 10. e3 Nc5 11. Qd1 Bd3 12. Bb2 Bxf1 13. Kxf1 Rd8 14. Qd4
Qf5 15. Qd5 Qc2 16. dxc7 Nc6 17. cxd8=Q+ Rxd8 18. Qxd8+ Nxd8 19. Rc1 Qxb2 20.
Rd1 Nde6 21. g3 Ne4 0-1

[Event "28.Alpenpokal"]
[Site "?"]
[Date "2002.??.??"]
[Round "4"]
[White "Schenfeld, Waldemar"]
[Black "Woell, Josef"]
[Result "0-1"]
[WhiteElo "1429"]
[BlackElo "1756"]
[Annotator "ChessOrg"]
[PlyCount "164"]

1. d4 d5 2. Nf3 Nf6 3. e3 Bg4 4. Nbd2 e6 5. Bd3 Nbd7 6. c4 c6 7. Qb3 b6 8. O-O
Bd6 9. h3 Bh5 10. Re1 Rc8 11. Qc2 Bb8 12. b3 c5 13. Bb2 Bg6 14. e4 dxe4 15.
Nxe4 cxd4 16. Bxd4 O-O 17. Nxf6+ Nxf6 18. Bxg6 hxg6 19. Rad1 Qc7 20. Qb2 Qf4
21. Be3 Qc7 22. Rd3 Rfd8 23. Red1 Rxd3 24. Rxd3 a6 25. Qd4 b5 26. cxb5 axb5 27.
Rd1 e5 28. Qb6 e4 29. Qxc7 Bxc7 30. Nd4 b4 31. Nc6 Bh2+ 32. Kxh2 Rxc6 33. Rd8+
Kh7 34. Rb8 Rc2 35. Rxb4 Rxa2 36. Rb7 Kg8 37. b4 Nd5 38. Bc5 Rb2 39. b5 Rb3 40.
b6 Rb5 41. Rb8+ Kh7 42. Bd4 Nf6 43. b7 Nd7 44. Re8 Rxb7 45. Rxe4 Nf6 46. Re8
Rd7 47. Bb2 g5 48. Bc1 Kg6 49. g4 Rd1 50. Be3 Rb1 51. f3 Rd1 52. Kg3 Nd5 53.
Bf2 Nf4 54. Re1 Rd2 55. Rf1 f6 56. h4 Ne2+ 57. Kh3 Kh6 58. hxg5+ Kxg5 59. Be3+
Nf4+ 60. Bxf4+ Kxf4 61. Ra1 Kxf3 62. Ra7 Rd1 63. Ra3+ Kf4 64. Ra4+ Ke5 65. Ra5+
Rd5 66. Ra7 g5 67. Re7+ Kf4 68. Re6 Rd3+ 69. Kg2 Kxg4 70. Rxf6 Rd2+ 71. Kg1 Kg3
72. Kf1 g4 73. Rf5 Ra2 74. Rf6 Ra1+ 75. Ke2 Kg2 76. Rf2+ Kh3 77. Rf7 g3 78.
Rh7+ Kg2 79. Rg7 Ra5 80. Rg8 Re5+ 81. Kd1 Kh2 82. Rh8+ Kg1 0-1

[Event "28.Alpenpokal"]
[Site "?"]
[Date "2002.??.??"]
[Round "4"]
[White "Thonig, Manfred"]
[Black "Kahler, Kurt"]
[Result "0-1"]
[WhiteElo "1551"]
[BlackElo "1745"]
[Annotator "ChessOrg"]
[PlyCount "80"]

1. f4 e5 2. fxe5 d6 3. exd6 Bxd6 4. Nf3 Bg4 5. e3 Nc6 6. Bb5 Nge7 7. O-O O-O 8.
Qe1 Ng6 9. d4 Nb4 10. Qf2 Bxf3 11. gxf3 Qg5+ 12. Kh1 Qxb5 13. Nc3 Qd7 14. a3
Nc6 15. Ne4 Be7 16. b4 b6 17. c4 f5 18. Ng3 f4 19. Nh5 fxe3 20. Bxe3 Rf5 21.
Ng3 Rf7 22. Qd2 Raf8 23. f4 Qg4 24. Ne2 Nh4 25. Rf2 Qf5 26. Ng3 Qg4 27. Raf1
Nf5 28. Nxf5 Qxf5 29. d5 Qe4+ 30. Rf3 Nb8 31. Qe2 Rxf4 32. Qg2 Rxf3 33. Bg1
R3f4 34. Qxe4 Rxe4 35. Rc1 Nd7 36. c5 Bg5 37. Rc2 bxc5 38. bxc5 Be3 39. Re2
Rfe8 40. c6 Nb6 0-1

[Event "28.Alpenpokal"]
[Site "?"]
[Date "2002.??.??"]
[Round "4"]
[White "Czech, Gerhard"]
[Black "Braunstein, Richard"]
[Result "1/2-1/2"]
[WhiteElo "1658"]
[BlackElo "1566"]
[Annotator "ChessOrg"]
[PlyCount "32"]

1. d4 d5 2. c4 Nc6 3. e3 Bf5 4. a3 Nf6 5. Nc3 e5 6. dxe5 Nxe5 7. cxd5 Bd6 8.
Bb5+ Bd7 9. Be2 O-O 10. Nf3 Nxf3+ 11. Bxf3 Qe7 12. O-O Rad8 13. Re1 c6 14. Qb3
Qe5 15. g3 Bg4 16. Bxg4 Nxg4 1/2-1/2

[Event "28.Alpenpokal"]
[Site "?"]
[Date "2002.??.??"]
[Round "4"]
[White "Schumacher, Ursula"]
[Black "Herzog, Manfred"]
[Result "0-1"]
[WhiteElo "1454"]
[BlackElo "1740"]
[Annotator "ChessOrg"]
[PlyCount "32"]

1. c4 b5 2. e4 Bb7 3. Qc2 Nf6 4. d3 bxc4 5. Qxc4 d5 6. exd5 Bxd5 7. Qh4 e5 8.
Nc3 Nc6 9. a3 Nd4 10. Kd1 Bb3+ 11. Kd2 Be7 12. Qg3 O-O 13. Qxe5 Ng4 14. Qg3 Be6
15. h3 Bh4 16. Qf4 Bg5 0-1

[Event "28.Alpenpokal"]
[Site "?"]
[Date "2002.??.??"]
[Round "4"]
[White "Girod, Gudrun"]
[Black "Tauscher, Max"]
[Result "0-1"]
[WhiteElo "1366"]
[BlackElo "1675"]
[Annotator "ChessOrg"]
[PlyCount "70"]

1. d4 Nf6 2. Nf3 d5 3. e3 e6 4. Nc3 Be7 5. Be2 O-O 6. Bd2 Nbd7 7. O-O c5 8. b3
a6 9. h3 h6 10. Rb1 b5 11. a3 Rb8 12. dxc5 Nxc5 13. b4 Ncd7 14. Nd4 Bb7 15. Na2
Nb6 16. Nc3 Rc8 17. Nf3 Qd6 18. Nh2 Rc7 19. Na2 Rfc8 20. c3 Ne4 21. Rc1 Bf6 22.
Ng4 Bxc3 23. Nxc3 Nxc3 24. Bxc3 Rxc3 25. Rb1 Rxa3 26. Qd4 Rac3 27. f4 Nd7 28.
Ne5 Nf6 29. Qa7 R3c7 30. Qd4 Ne8 31. Bg4 Rc2 32. f5 f6 33. Ng6 e5 34. Qa7 R2c7
35. Nxe5 Qxe5 0-1

[Event "28.Alpenpokal"]
[Site "?"]
[Date "2002.??.??"]
[Round "4"]
[White "Schweiger, Thomas"]
[Black "Aufmwasser, Guenter"]
[Result "1/2-1/2"]
[WhiteElo "1300"]
[BlackElo "1616"]
[Annotator "ChessOrg"]
[PlyCount "91"]

1. Nf3 f5 2. g3 Nf6 3. Bg2 e6 4. d3 d5 5. Nbd2 Be7 6. O-O O-O 7. Re1 c6 8. c3
f4 9. e4 fxe3 10. fxe3 Nbd7 11. d4 e5 12. dxe5 Ng4 13. e6 Nc5 14. Nd4 Ne5 15.
Bh3 Qe8 16. b4 Ncd3 17. Rf1 Bf6 18. Ba3 b6 19. e4 Nc4 20. exd5 Ne3 21. Qe2 Nxf1
22. Rxf1 Bxd4+ 23. cxd4 Rxf1+ 24. Nxf1 Ba6 25. Qe4 cxd5 26. Qxd5 Rd8 27. Qf5
Ne1 28. b5 Bb7 29. e7 Nf3+ 30. Kf2 Ra8 31. Qf8+ Qxf8 32. exf8=Q+ Rxf8 33. Bxf8
Kxf8 34. Ke3 Ng5 35. Bd7 Ke7 36. Bc6 Bc8 37. d5 Kd6 38. Nd2 Nf7 39. Ne4+ Ke5
40. h4 Nd6 41. Nxd6 Kxd6 42. Kd4 Bf5 43. a3 Bg6 44. g4 h6 45. g5 hxg5 46. hxg5
1/2-1/2

[Event "28.Alpenpokal"]
[Site "?"]
[Date "2002.??.??"]
[Round "4"]
[White "Wahl, Hedi"]
[Black "Struwecker, Sigurd"]
[Result "0-1"]
[WhiteElo "1436"]
[BlackElo "1750"]
[Annotator "ChessOrg"]
[PlyCount "64"]

1. e4 d5 2. e5 Bf5 3. d4 e6 4. Nf3 c5 5. c3 a6 6. Be3 Qb6 7. b3 Nc6 8. Nbd2
cxd4 9. cxd4 Ba3 10. g4 Bg6 11. Nh4 Bb2 12. Nxg6 hxg6 13. Rb1 Bxd4 14. Bxd4
Qxd4 15. Nf3 Qxg4 16. Rc1 Qe4+ 17. Qe2 Qb4+ 18. Qd2 Kd7 19. Qxb4 Nxb4 20. a3
Nc6 21. Kd2 Nge7 22. Bg2 Rac8 23. h3 Na5 24. Rc3 Rxc3 25. Kxc3 b5 26. Nd2 g5
27. Rf1 Ng6 28. Kd4 Rh4+ 29. Kc5 Kc7 30. Bxd5 exd5 31. Nf3 Nb7+ 32. Kxd5 Ne7#
0-1

[Event "28.Alpenpokal"]
[Site "?"]
[Date "2002.??.??"]
[Round "4"]
[White "Pillath, Marcus"]
[Black "Kaiser, Hans"]
[Result "1/2-1/2"]
[WhiteElo "1413"]
[BlackElo "1679"]
[Annotator "ChessOrg"]
[PlyCount "35"]

1. Nf3 d5 2. d4 Nf6 3. Bf4 e6 4. e3 Bd6 5. Bxd6 cxd6 6. Nbd2 O-O 7. c4 b6 8.
cxd5 Nxd5 9. Rc1 Bb7 10. Bc4 Nd7 11. a3 N5f6 12. O-O d5 13. Be2 Qe7 14. Rc3
Rac8 15. Rxc8 Rxc8 16. Qb1 Qd6 17. Rc1 Rxc1+ 18. Qxc1 1/2-1/2

[Event "28.Alpenpokal"]
[Site "?"]
[Date "2002.??.??"]
[Round "4"]
[White "Dittler, Volkfried"]
[Black "Weissenfels, Gerd"]
[Result "1-0"]
[WhiteElo "1623"]
[BlackElo "1300"]
[Annotator "ChessOrg"]
[PlyCount "31"]

1. d4 d5 2. Nf3 e6 3. Bf4 Be7 4. e3 Nf6 5. c4 Bd7 6. Nc3 Nc6 7. Rc1 a6 8. Bd3
dxc4 9. Bxc4 Bb4 10. O-O Bxc3 11. bxc3 O-O 12. Bd3 h6 13. e4 g6 14. Bxh6 Re8
15. Bg5 Kg7 16. e5 1-0

[Event "28.Alpenpokal"]
[Site "?"]
[Date "2002.??.??"]
[Round "5"]
[White "Assmann, Thomas"]
[Black "Feller, Joseph"]
[Result "1-0"]
[WhiteElo "2334"]
[BlackElo "2209"]
[Annotator "ChessOrg"]
[PlyCount "55"]

1. d4 d5 2. Nf3 Nf6 3. c4 dxc4 4. e3 Bg4 5. Bxc4 e6 6. h3 Bh5 7. O-O Nbd7 8.
Nc3 Bd6 9. e4 e5 10. Be2 exd4 11. Nxd4 Bxe2 12. Qxe2 O-O 13. Ndb5 Re8 14. Nxd6
cxd6 15. Bg5 Qa5 16. Qd2 Qe5 17. f3 h6 18. Bf4 Qc5+ 19. Be3 Qc6 20. Rfd1 Ne5
21. b3 Red8 22. Rac1 Qa6 23. a4 Rac8 24. Nb5 Rxc1 25. Qxc1 b6 26. Qc7 Rd7 27.
Qb8+ Kh7 28. Rxd6 1-0

[Event "28.Alpenpokal"]
[Site "?"]
[Date "2002.??.??"]
[Round "5"]
[White "Schumacher, Gottfried"]
[Black "Jolowicz, Matias"]
[Result "1-0"]
[WhiteElo "2186"]
[BlackElo "2275"]
[Annotator "ChessOrg"]
[PlyCount "67"]

1. Nf3 d5 2. d4 e6 3. e3 f5 4. c4 Nf6 5. Be2 c6 6. O-O Bd6 7. b3 Ne4 8. Qc2 Qe7
9. Ne5 O-O 10. f3 Nf6 11. a4 Na6 12. a5 Nb4 13. Qd2 c5 14. Bb2 Bd7 15. Nc3 f4
16. exf4 cxd4 17. Nb5 Bxb5 18. cxb5 g5 19. fxg5 Bxe5 20. gxf6 Rxf6 21. f4 Bd6
22. Bxd4 Rh6 23. Bg4 Rf8 24. Rac1 a6 25. h3 Rg6 26. bxa6 Nxa6 27. f5 Rxg4 28.
hxg4 Qh4 29. Rf3 Qh2+ 30. Kf1 Qh1+ 31. Bg1 Qh4 32. Qe1 Qxg4 33. Qxe6+ Rf7 34.
Qxd6 1-0

[Event "28.Alpenpokal"]
[Site "?"]
[Date "2002.??.??"]
[Round "5"]
[White "Macher, Claus"]
[Black "Doehner, Hans-Juergen"]
[Result "1/2-1/2"]
[WhiteElo "1903"]
[BlackElo "2171"]
[Annotator "ChessOrg"]
[PlyCount "99"]

1. d4 d5 2. c4 e6 3. Nc3 Nf6 4. Bg5 Be7 5. e3 c6 6. Nf3 Nbd7 7. Bd3 O-O 8. O-O
dxc4 9. Bxc4 Re8 10. Rc1 Qa5 11. e4 h6 12. Bh4 Nf8 13. e5 Nd5 14. Ne4 f5 15.
exf6 Nxf6 16. Nxf6+ gxf6 17. Ne5 fxe5 18. Qg4+ Bg5 19. Bxg5 hxg5 20. Qxg5+ Kf7
21. Rc3 Re7 22. Rf3+ Ke8 23. Qg8 exd4 24. Rxf8+ Kd7 25. Rf7 Rxf7 26. Qxf7+ Kd6
27. Qf8+ Kc7 28. Qg7+ Bd7 29. Qxd4 e5 30. Qd3 Qc5 31. Rd1 Bg4 32. Rd2 Rf8 33.
h3 Bf5 34. Qc3 e4 35. b4 Qe7 36. a3 a6 37. Qg3+ Kc8 38. Qd6 Qe8 39. Qd4 Kb8 40.
Qb6 Bc8 41. Bxa6 Rg8 42. Bc4 Rg7 43. Qd4 Qg6 44. g4 Bxg4 45. Qe5+ Kc8 46. hxg4
Qxg4+ 47. Kf1 Qh3+ 48. Ke2 Qf3+ 49. Ke1 Rg1+ 50. Bf1 1/2-1/2

[Event "28.Alpenpokal"]
[Site "?"]
[Date "2002.??.??"]
[Round "5"]
[White "Bierwisch, Bernhard"]
[Black "Wahl, Frithjof"]
[Result "1/2-1/2"]
[WhiteElo "2167"]
[BlackElo "2008"]
[Annotator "ChessOrg"]
[PlyCount "50"]

1. e4 e5 2. Nf3 Nc6 3. Bb5 a6 4. Ba4 Nf6 5. d3 d6 6. c3 b5 7. Bb3 Be7 8. O-O
O-O 9. Qe2 Na5 10. Bc2 c5 11. Rd1 Bg4 12. h3 Bh5 13. Nbd2 Nc6 14. Nf1 d5 15.
Ng3 Bg6 16. Nh4 d4 17. Nhf5 Nd7 18. Nxe7+ Nxe7 19. cxd4 cxd4 20. f4 exf4 21.
Bxf4 Nc5 22. Rac1 Rc8 23. Rf1 Re8 24. Qf2 Nc6 25. Bd2 Ne5 1/2-1/2

[Event "28.Alpenpokal"]
[Site "?"]
[Date "2002.??.??"]
[Round "5"]
[White "Schulz, Toni"]
[Black "Wunderer, Eckart"]
[Result "0-1"]
[WhiteElo "1950"]
[BlackElo "2151"]
[Annotator "ChessOrg"]
[PlyCount "88"]

1. e4 d6 2. d4 Nf6 3. Nc3 c6 4. f4 Qa5 5. e5 Ne4 6. Qf3 Bf5 7. Bc4 d5 8. Bb3 h5
9. Qe3 e6 10. Bd2 Nxd2 11. Qxd2 Nd7 12. Nf3 Bb4 13. O-O c5 14. a3 Bxc3 15. Qxc3
Qxc3 16. bxc3 c4 17. Ba4 b5 18. Bxb5 Bxc2 19. Rf2 Bg6 20. Nh4 Bd3 21. f5 O-O-O
22. fxe6 fxe6 23. Rf7 g5 24. Nf3 Rhg8 25. Ra2 g4 26. Nh4 Rh8 27. Rb2 Nb8 28.
Rbf2 a6 29. Ba4 Rh7 30. g3 Nd7 31. Ng2 Bf5 32. Rxh7 Bxh7 33. Bxd7+ Rxd7 34. Rb2
Rb7 35. Rxb7 Kxb7 36. Nf4 Bg8 37. Kf2 Kb6 38. Nxh5 Ka5 39. Nf6 Bf7 40. Nxg4 Ka4
41. Ke3 Kxa3 42. Kd2 Kb2 43. Nf6 a5 44. Nd7 a4 0-1

[Event "28.Alpenpokal"]
[Site "?"]
[Date "2002.??.??"]
[Round "5"]
[White "Zuri, Rahim"]
[Black "Felten, Joachim"]
[Result "1-0"]
[WhiteElo "1854"]
[BlackElo "2099"]
[Annotator "ChessOrg"]
[PlyCount "105"]

1. e4 c6 2. Bc4 d5 3. exd5 cxd5 4. Be2 Nc6 5. d4 Nf6 6. Nf3 Bg4 7. c3 e6 8. Bg5
Bd6 9. Nbd2 a6 10. O-O Qc7 11. Bxf6 gxf6 12. g3 Ne7 13. Nh4 Bh3 14. Re1 Ng6 15.
Bf1 Bxf1 16. Nxg6 hxg6 17. Nxf1 f5 18. Qf3 O-O 19. Rac1 b5 20. b3 Kg7 21. Ne3
Rad8 22. Red1 Qa7 23. Rc2 Be7 24. Kg2 Rh8 25. Nf1 Bf6 26. Qe3 Rd7 27. f4 Rc8
28. b4 Rdc7 29. Rd3 a5 30. bxa5 Qxa5 31. Nd2 b4 32. cxb4 Qxb4 33. Rxc7 Rxc7 34.
a3 Qb2 35. h3 Rc4 36. Kf3 Rxd4 37. Rxd4 Bxd4 38. Qd3 Ba7 39. a4 Qa1 40. Qb3 Qd4
41. Ke2 Qf2+ 42. Kd1 Be3 43. Qd3 Qxg3 44. a5 Qxf4 45. Nb3 Qf3+ 46. Kc2 Qe4 47.
Qxe4 dxe4 48. a6 Bb6 49. Na5 f4 50. Nc6 f3 51. Kb1 f5 52. a7 Bxa7 53. Nxa7 1-0

[Event "28.Alpenpokal"]
[Site "?"]
[Date "2002.??.??"]
[Round "5"]
[White "Varain, Ernst-Helmut"]
[Black "Reinke, Kurt"]
[Result "1/2-1/2"]
[WhiteElo "2077"]
[BlackElo "1863"]
[Annotator "ChessOrg"]
[PlyCount "63"]

1. e4 c5 2. Nf3 d6 3. d4 cxd4 4. Nxd4 Nf6 5. Nc3 a6 6. Be3 Ng4 7. Bg5 h6 8. Bh4
g5 9. Bg3 Bg7 10. Be2 h5 11. Bxg4 Bxg4 12. f3 Bd7 13. Qd2 Nc6 14. Nde2 Qa5 15.
Nd5 Qxd2+ 16. Kxd2 O-O 17. c3 h4 18. Bf2 e6 19. Nb6 Rad8 20. Be3 Bh6 21. Rad1
Ne5 22. Nd4 Bc6 23. c4 Nd7 24. Nxd7 Rxd7 25. Ke2 Kh7 26. g4 Kg6 27. b3 Bg7 28.
Rhg1 Be5 29. h3 Rc8 30. Rc1 Rdc7 31. a4 Bd7 32. Rcd1 1/2-1/2

[Event "28.Alpenpokal"]
[Site "?"]
[Date "2002.??.??"]
[Round "5"]
[White "Eidam, Horst"]
[Black "Kleifges, Matthias"]
[Result "0-1"]
[WhiteElo "1889"]
[BlackElo "2067"]
[Annotator "ChessOrg"]
[PlyCount "96"]

1. c4 e6 2. d4 d5 3. Nc3 Nf6 4. Nf3 Nbd7 5. e3 a6 6. a3 dxc4 7. Bxc4 b5 8. Be2
c5 9. dxc5 Bxc5 10. O-O Bb7 11. b4 Ba7 12. Bb2 O-O 13. a4 bxa4 14. Nxa4 Nd5 15.
Qd2 N7f6 16. Nc5 Bc8 17. Rfd1 Qe7 18. Bxf6 Qxf6 19. Nd4 Bxc5 20. bxc5 e5 21.
Nf3 Bb7 22. Qb2 Rab8 23. Bc4 Rfd8 24. Qxe5 Nb4 25. Qxf6 gxf6 26. Nd4 Rdc8 27.
Ra4 Bd5 28. Bxd5 Nxd5 29. c6 Nc3 30. Raa1 Nxd1 31. Rxd1 a5 32. Ra1 a4 33. Kf1
Rb4 34. Ke2 Kf8 35. Kd3 Rb2 36. Rxa4 Rxf2 37. Rc4 Rxg2 38. Nb5 Ke7 39. Kd4 Rg4+
40. e4 f5 41. Kd5 fxe4 42. Kc5 Rg5+ 43. Kb4 Rb8 44. Rxe4+ Kf8 45. Rc4 Rgxb5+
46. Kc3 Rc8 47. Kd4 Rh5 48. Rc2 Ke7 0-1

[Event "28.Alpenpokal"]
[Site "?"]
[Date "2002.??.??"]
[Round "5"]
[White "Zuri, Amin-Barin"]
[Black "Graf, Joachim"]
[Result "1/2-1/2"]
[WhiteElo "1844"]
[BlackElo "2171"]
[Annotator "ChessOrg"]
[PlyCount "69"]

1. d4 d5 2. c4 e6 3. Nf3 Nf6 4. Nc3 Be7 5. e3 O-O 6. Bd3 b6 7. O-O Bb7 8. cxd5
exd5 9. Ne5 c5 10. Qe2 a6 11. Rd1 Qc7 12. Bd2 Bd6 13. f4 Nc6 14. Ng4 Ne7 15.
Nxf6+ gxf6 16. Qh5 f5 17. Qg5+ Kh8 18. Qf6+ Kg8 19. Rf1 Qd7 20. Rf3 Qe6 21.
Rg3+ Ng6 22. Qxf5 Qxf5 23. Bxf5 Kh8 24. Rf1 Rad8 25. Rh3 Be7 26. Bd3 f5 27. Rh5
Bc8 28. g4 Kg7 29. gxf5 Nh4 30. f6+ Bxf6 31. Rxh7+ Kg8 32. Rh6 Kg7 33. Rh7+ Kg8
34. Rh6 Kg7 35. Rh7+ 1/2-1/2

[Event "28.Alpenpokal"]
[Site "?"]
[Date "2002.??.??"]
[Round "5"]
[White "Schuler, Georg"]
[Black "Reinkoester, Michael"]
[Result "0-1"]
[WhiteElo "2148"]
[BlackElo "1786"]
[Annotator "ChessOrg"]
[PlyCount "82"]

1. c4 e5 2. Nc3 Nf6 3. g3 d5 4. cxd5 Nxd5 5. Bg2 Be6 6. Nf3 Nd7 7. O-O Be7 8.
Qa4 c6 9. a3 O-O 10. d4 exd4 11. Nxd4 Nxc3 12. bxc3 Nb6 13. Qc2 Bc4 14. Be4 g6
15. Rd1 Qc8 16. Bh6 Re8 17. Kg2 Bf6 18. e3 Rxe4 19. f3 Re8 20. e4 Be6 21. Bf4
Bg7 22. a4 Nc4 23. a5 Be5 24. Bc1 Bh3+ 25. Kg1 c5 26. Ne2 Qc6 27. Nf4 Bxf4 28.
Bxf4 Be6 29. Rdb1 Rad8 30. Re1 Rd7 31. Kf2 f6 32. h4 Red8 33. Re2 Ne5 34. Bxe5
fxe5 35. Kg2 Qb5 36. Rf2 c4 37. h5 Qc5 38. Qc1 Bh3+ 39. Kxh3 Qxf2 40. hxg6 Qd2
41. Qf1 Qh6+ 0-1